LIBRARY & INFORMATION CENTRE, KCAET, TAVANUR

ONLINE PUBLIC ACCESS CATALOGUE (OPAC)

Hydraulic engineering / (Record no. 2060)

MARC details
000 -LEADER
fixed length control field 00585cam a2200229ua 4500
020 ## - INTERNATIONAL STANDARD BOOK NUMBER
ISBN 81-7224-663-3
041 ## - LANGUAGE CODE
Language code of text/sound track or separate title eng
082 ## - DEWEY DECIMAL CLASSIFICATION NUMBER
Classification number 551.48
Item number ROB/HY
100 ## - MAIN ENTRY--AUTHOR NAME
Personal name Roberson, John.A .
245 ## - TITLE STATEMENT
Title Hydraulic engineering /
250 ## - EDITION STATEMENT
Edition statement 1 /
260 ## - PUBLICATION, DISTRIBUTION, ETC. (IMPRINT)
Place of publication Mumbai :
Name of publisher Jaico publishing house ,
Year of publication 1998.
300 ## - PHYSICAL DESCRIPTION
Number of Pages 662 ; .
700 1# - ADDED ENTRY--PERSONAL NAME
Personal name Cassidy, John. J .
700 1# - ADDED ENTRY--PERSONAL NAME
Personal name Chaudhry, M Hanif.
942 ## - ADDED ENTRY ELEMENTS (KOHA)
Koha item type Books
Holdings
Withdrawn status Lost status Damaged status Home library Current library Date acquired Full call number Accession Number Koha item type
      KAUAET KAUAET 07/04/2012 551.48 ROB/HY 18429 Books
      KAUAET KAUAET 07/04/2012 551.48 ROB/HY 20588 Books
      KAUAET KAUAET 07/04/2012 551.48 ROB/HY 20953 Books
free website counter